Mummies, tombs, and treasure : (Record no. 1422)

MARC details
000 -LEADER
fixed length control field 00869pam a2200277 a 4500
005 - DATE AND TIME OF LATEST TRANSACTION
control field 20260322212059.0
008 - FIXED-LENGTH DATA ELEMENTS--GENERAL INFORMATION
fixed length control field data
010 ## - LIBRARY OF CONGRESS CONTROL NUMBER
LC control number 86017646 /AC
020 ## - INTERNATIONAL STANDARD BOOK NUMBER
International Standard Book Number 0899194079
020 ## - INTERNATIONAL STANDARD BOOK NUMBER
International Standard Book Number 9780899194073
043 ## - GEOGRAPHIC AREA CODE
Geographic area code f-ua---
050 0# - LIBRARY OF CONGRESS CALL NUMBER
Classification number DT62.M7
Item number P49 1987
092 ## - LOCALLY ASSIGNED DEWEY CALL NUMBER (OCLC)
Classification number 932 P49 1987
001 - CONTROL NUMBER
control field data
100 1# - MAIN ENTRY--PERSONAL NAME
Personal name Perl, Lila.
245 10 - TITLE STATEMENT
Title Mummies, tombs, and treasure :
Remainder of title secrets of Ancient Egypt /
Statement of responsibility, etc. Lila Perl & Erika Weihs.
260 ## - PUBLICATION, DISTRIBUTION, ETC.
Place of publication, distribution, etc. New York :
Name of publisher, distributor, etc. Clarion Books,
Date of publication, distribution, etc. c1987.
300 ## - PHYSICAL DESCRIPTION
Extent 120 p. :
Other physical details ill. ;
Dimensions 24 cm.
500 ## - GENERAL NOTE
General note Includes index.
504 ## - BIBLIOGRAPHY, ETC. NOTE
Bibliography, etc. note Bibliography: p. 113-114.
520 ## - SUMMARY, ETC.
Summary, etc. Text and photographs examine the mummies and tombs of ancient Egypt.
650 #0 - SUBJECT ADDED ENTRY--TOPICAL TERM
Topical term or geographic name entry element Mummies
Geographic subdivision Egypt
General subdivision Juvenile literature.
650 #0 - SUBJECT ADDED ENTRY--TOPICAL TERM
Topical term or geographic name entry element Tombs
Geographic subdivision Egypt
General subdivision Juvenile literature.
651 #0 - SUBJECT ADDED ENTRY--GEOGRAPHIC NAME
Geographic name Egypt
General subdivision Juvenile literature.
-- Juvenile literature.
700 1# - ADDED ENTRY--PERSONAL NAME
Personal name Weihs, Erika.
Holdings
Withdrawn status Lost status Damaged status Not for loan Home library Current library Shelving location Date acquired Total checkouts Full call number Barcode Date last seen Price effective from Koha item type
        Centerville Centerville General stacks 22/03/2026   DT62.M7 P49 1987 BC0011469 22/03/2026 22/03/2026 Books